000 01150nam a22002537a 4500
005 20170124103202.0
010 _aA-384497
020 _c100.00
035 _aA-384497
037 _bCen Lib/Ret
040 _aDPL
_bHN
082 _a821.08
_bश्रीवास्त
100 _aश्रीवास्तव, विनोदिनी
_943628
245 _aनिराला साहित्य में जीवन-दर्शन /
_cविनोदिनी श्रीवास्तव
246 _aNirala sahitye me jeevan-darshan /
_bby Vinodini Shrivastava
260 _aलखनऊ
_bसुलभ प्रकाशन
_c1988
270 _bलखनऊ
_a17, अशोक मार्ग
300 _a377पृ.
_c20सेमी(सजिल्द)
650 _aहिन्दी -- साहित्य
_992195
650 _aहिन्दी -- आधुनिक हिन्दी काव्य -- निराला
_992196
650 _aHindi literature
_992197
650 _aHindi - Modern Hindi Poetry - Nirala
_992198
942 _2ddc
_cHN
_h821.08
_mश्रीवास्त
999 _c120730
_d120730